[Event "Porto Carras Summer Cup"]
[Site "Porto Carras GRE"]
[Date "2010.07.15"]
[Round "6.1"]
[White "Csonka, B."]
[Black "Vafiadis, K."]
[Result "0-1"]
[WhiteElo "2267"]
[BlackElo "2227"]
[PlyCount "60"]
[EventDate "2010.??.??"]

1. d4 d6 2. e4 Nd7 3. Nc3 e5 4. Nf3 Ngf6 5. Bc4 Be7 6. dxe5 dxe5 7. Qe2 O-O 8.
Bg5 c6 9. O-O-O Qc7 10. Bb3 b5 11. Kb1 a5 12. a4 b4 13. Na2 Nc5 14. Bxf6 Bxf6
15. Rhg1 Nxb3 16. cxb3 Be6 17. Qe3 Rfd8 18. h3 c5 19. Rc1 Rac8 20. Rc2 c4 21.
Nc1 Qd7 22. bxc4 Qxa4 23. b3 Qc6 24. Nd3 Qc7 25. Nb2 Be7 26. g4 Bd7 27. g5 Bc5
28. Qe2 Bc6 29. Nh4 Qb7 30. Rg4 a4 0-1

[Event "Porto Carras Summer Cup"]
[Site "Porto Carras GRE"]
[Date "2010.07.15"]
[Round "6.2"]
[White "Karlovich, A."]
[Black "Urosevic, G."]
[Result "1/2-1/2"]
[WhiteElo "2174"]
[BlackElo "2225"]
[PlyCount "45"]
[EventDate "2010.??.??"]

1. e4 e6 2. d4 d5 3. e5 c5 4. dxc5 Nc6 5. Nf3 Bxc5 6. Bd3 f6 7. exf6 Nxf6 8.
O-O O-O 9. Bb5 Ne4 10. Qe2 e5 11. Be3 Bg4 12. Nbd2 Nxd2 13. Qxd2 Bxe3 14. fxe3
Bxf3 15. gxf3 Qg5+ 16. Kh1 d4 17. Bxc6 bxc6 18. Rae1 Rad8 19. Rf2 Qh4 20. Ref1
c5 21. Qe2 dxe3 22. Qxe3 Qd4 23. Re1 1/2-1/2

[Event "Porto Carras Summer Cup"]
[Site "Porto Carras GRE"]
[Date "2010.07.15"]
[Round "6.3"]
[White "Avagianos, S."]
[Black "Nedev, T."]
[Result "0-1"]
[WhiteElo "2034"]
[BlackElo "2506"]
[PlyCount "50"]
[EventDate "2010.??.??"]

1. d4 Nf6 2. c4 g6 3. Nc3 Bg7 4. e4 d6 5. f3 O-O 6. Be3 Nbd7 7. Bd3 c5 8. Nge2
e6 9. Qd2 cxd4 10. Nxd4 d5 11. exd5 exd5 12. cxd5 Nb6 13. O-O Nfxd5 14. Nxd5
Nxd5 15. Bf2 Qf6 16. Be4 Rd8 17. Qa5 Nf4 18. Kh1 Rxd4 19. Bxd4 Qxd4 20. Rfd1
Qxb2 21. Rd8+ Bf8 22. Rg1 Kg7 23. Rxf8 Kxf8 24. Qd8+ Kg7 25. g3 Bh3 0-1

[Event "Porto Carras Summer Cup"]
[Site "Porto Carras GRE"]
[Date "2010.07.15"]
[Round "6.4"]
[White "Pantovic, D."]
[Black "Papadopoulos, P."]
[Result "1-0"]
[WhiteElo "2115"]
[BlackElo "1951"]
[PlyCount "147"]
[EventDate "2010.??.??"]

1. d4 Nf6 2. c4 e6 3. g3 Bb4+ 4. Bd2 Qe7 5. Nf3 Nc6 6. Nc3 d6 7. Bg2 e5 8. d5
Bxc3 9. Bxc3 Nb8 10. c5 O-O 11. cxd6 cxd6 12. Nd2 Nbd7 13. Nc4 Nc5 14. O-O b6
15. b4 Ncd7 16. a4 Bb7 17. Ne3 Rfc8 18. Bb2 Rc7 19. Rc1 Rxc1 20. Qxc1 Rc8 21.
Qd2 g6 22. Rc1 Rxc1+ 23. Qxc1 Ne8 24. Nc4 Ba6 25. e4 b5 26. axb5 Bxb5 27. Na3
Ba6 28. Qc6 Nb8 29. Qc3 Qb7 30. Bc1 Nc7 31. f4 Nd7 32. h3 Nb5 33. Qc6 Nd4 34.
Qxb7 Bxb7 35. Be3 Nb6 36. Kf2 f5 37. fxe5 dxe5 38. exf5 Bxd5 39. fxg6 hxg6 40.
Bf1 Be4 41. Nb5 Nxb5 42. Bxb5 Kf7 43. Bc5 Bb7 44. Bd3 Kf6 45. Bc2 Nc8 46. Ke3
Bg2 47. h4 Bh3 48. Be4 Bg4 49. Bf3 Bd7 50. g4 Nb6 51. Kd3 Bb5+ 52. Kc2 Bd7 53.
Be3 Be6 54. Bg5+ Kf7 55. h5 gxh5 56. gxh5 Nd5 57. b5 Bf5+ 58. Kd2 Nb6 59. Be2
Ke6 60. h6 Kd5 61. Kc3 Bh7 62. Be3 Ke6 63. Kd2 Kd5 64. Bf2 Nc4+ 65. Kc3 Nb6 66.
Bd1 Kd6 67. Kb4 e4 68. Bg3+ Kd5 69. Bb3+ Kd4 70. Ka5 Nc4+ 71. Bxc4 Kxc4 72. Bf2
Kd5 73. Ka6 Ke6 74. Be3 1-0

[Event "Porto Carras Summer Cup"]
[Site "Porto Carras GRE"]
[Date "2010.07.15"]
[Round "6.6"]
[White "Galopoulos, P."]
[Black "Valyi, A."]
[Result "1-0"]
[WhiteElo "2095"]
[BlackElo "1802"]
[PlyCount "95"]
[EventDate "2010.??.??"]

1. e4 c5 2. Nf3 d6 3. Bc4 Nf6 4. d3 e6 5. O-O Be7 6. c3 b6 7. Bb3 O-O 8. Re1
Bb7 9. Bg5 h6 10. Bh4 Nbd7 11. h3 Rc8 12. Nbd2 Nh7 13. Bxe7 Qxe7 14. a4 Ng5 15.
Nxg5 Qxg5 16. Nc4 Ne5 17. Ne3 d5 18. exd5 exd5 19. Bxd5 Bxd5 20. Nxd5 Rfe8 21.
f4 Qd8 22. c4 Nc6 23. Qg4 Rxe1+ 24. Rxe1 Kf8 25. Qf5 g6 26. Qg4 h5 27. Qe2 Qd7
28. Kf1 Re8 29. Nf6 Rxe2 30. Nxd7+ Ke7 31. Rxe2+ Kxd7 32. Kf2 a5 33. Re4 Nd4
34. Ke3 Nf5+ 35. Kf3 h4 36. Kg4 Kd8 37. Re5 Nd4 38. Kxh4 f6 39. Re4 Nf5+ 40.
Kg4 Kd7 41. Kf3 Nh4+ 42. Kf2 Nf5 43. g4 Nd4 44. h4 f5 45. Re5 Kd8 46. h5 Nc6
47. h6 Nxe5 48. fxe5 1-0

[Event "Porto Carras Summer Cup"]
[Site "Porto Carras GRE"]
[Date "2010.07.15"]
[Round "6.7"]
[White "Liakos, G."]
[Black "Tassopoulos, M."]
[Result "1/2-1/2"]
[WhiteElo "1658"]
[BlackElo "2257"]
[PlyCount "123"]
[EventDate "2010.??.??"]

1. d4 d5 2. c4 e6 3. Nf3 Nf6 4. Bg5 Be7 5. e3 O-O 6. Nc3 h6 7. Bh4 b6 8. Bd3
Bb7 9. O-O Nbd7 10. Rc1 c5 11. cxd5 Nxd5 12. Bxe7 Qxe7 13. Re1 cxd4 14. exd4
Rac8 15. Ne5 Nxe5 16. dxe5 Nxc3 17. bxc3 Rfd8 18. Qc2 Rc7 19. Bh7+ Kh8 20. Be4
Bxe4 21. Qxe4 Rcd7 22. h3 Qa3 23. Rc2 Rd5 24. Qb4 Qa5 25. Qxa5 Rxa5 26. Re4
Rd1+ 27. Kh2 Rdd5 28. f4 Rac5 29. Ra4 Rc7 30. g3 Rd3 31. Ra3 Kg8 32. Rb3 Kf8
33. c4 Rd4 34. Rbc3 Rc5 35. Kg2 Ke7 36. Kf3 Rd7 37. Ke4 h5 38. h4 Rdc7 39. Kd4
Kd7 40. Ke4 g6 41. Kd4 Kc8 42. Ke4 Kb7 43. Kd4 Rd7+ 44. Ke3 Rd1 45. Rd3 Rg1 46.
Kf2 Rh1 47. Kg2 Rb1 48. Rd7+ Rc7 49. Rxc7+ Kxc7 50. Kf3 Rd1 51. Ke3 a6 52. Ke2
Rb1 53. Ke3 Rb4 54. Rc3 a5 55. a3 Rb1 56. Ke4 Kc6 57. Kd4 Rd1+ 58. Rd3 Ra1 59.
Rc3 Re1 60. Rd3 Rb1 61. Rc3 Ra1 62. Rd3 1/2-1/2

[Event "Porto Carras Summer Cup"]
[Site "Porto Carras GRE"]
[Date "2010.07.15"]
[Round "6.8"]
[White "Minas, I."]
[Black "Spiropoulos, P."]
[Result "1/2-1/2"]
[WhiteElo "1836"]
[BlackElo "2144"]
[PlyCount "53"]
[EventDate "2010.??.??"]

1. e4 c5 2. Nf3 Nc6 3. Bb5 g6 4. c3 Nf6 5. e5 Nd5 6. d4 cxd4 7. O-O Bg7 8. cxd4
O-O 9. Nc3 Nc7 10. Ba4 d6 11. e6 fxe6 12. Bb3 Kh8 13. Be3 e5 14. dxe5 Nxe5 15.
Ng5 h6 16. Nge4 Be6 17. Bxe6 Nxe6 18. f4 Nc4 19. Bc1 Qb6+ 20. Kh1 Ne3 21. Bxe3
Qxe3 22. Qg4 Nxf4 23. Rae1 Nd3 24. Nd5 Qd4 25. Nxe7 Rxf1+ 26. Rxf1 g5 27. Nxg5
1/2-1/2

[Event "Porto Carras Summer Cup"]
[Site "Porto Carras GRE"]
[Date "2010.07.16"]
[Round "7.1"]
[White "Vafiadis, K."]
[Black "Nedev, T."]
[Result "0-1"]
[WhiteElo "2227"]
[BlackElo "2506"]
[PlyCount "104"]
[EventDate "2010.??.??"]

1. d4 Nf6 2. c4 g6 3. Nc3 Bg7 4. e4 d6 5. Nge2 O-O 6. Ng3 c5 7. d5 e6 8. Be2
exd5 9. cxd5 Na6 10. O-O Nc7 11. Bg5 h6 12. Be3 h5 13. Bg5 Qd7 14. Qd2 Nh7 15.
Bh6 h4 16. Bxg7 Kxg7 17. Nh1 b5 18. f4 b4 19. Nd1 f5 20. Nhf2 fxe4 21. Nxe4 Bb7
22. Ne3 Rae8 23. Bg4 Qe7 24. Bf3 Nf6 25. Nxf6 Qxe3+ 26. Qxe3 Rxe3 27. Ne4 Bxd5
28. Nxd6 Bxf3 29. Rxf3 Rxf3 30. gxf3 Rxf4 31. Rc1 Ne6 32. Ne4 Rf5 33. Kf2 Nd4
34. Nd2 Kf7 35. Ke3 g5 36. Rg1 Ke6 37. Ke4 Re5+ 38. Kd3 Kd5 39. b3 Ne2 40. Rg4
Nf4+ 41. Kc2 Ne6 42. Kd1 Re3 43. Rg1 Kd4 44. Rg2 a6 45. Rg1 Kc3 46. Rg4 Rd3 47.
Rc4+ Kb2 48. Rc2+ Ka1 49. Rc1+ Kxa2 50. Rc2+ Ka3 51. Kc1 Nd4 52. Nb1+ Kxb3 0-1

[Event "Porto Carras Summer Cup"]
[Site "Porto Carras GRE"]
[Date "2010.07.16"]
[Round "7.2"]
[White "Pantovic, D."]
[Black "Karlovich, A."]
[Result "1/2-1/2"]
[WhiteElo "2115"]
[BlackElo "2174"]
[PlyCount "42"]
[EventDate "2010.??.??"]

1. d4 Nf6 2. c4 c5 3. d5 b5 4. cxb5 a6 5. bxa6 Bxa6 6. Nc3 g6 7. g3 d6 8. Bg2
Bg7 9. Nf3 O-O 10. O-O Nbd7 11. Rb1 Qa5 12. Bd2 Rfb8 13. a4 Ng4 14. Qc2 Qb6 15.
b3 Nde5 16. Nxe5 Bxe5 17. Bf3 h5 18. Nd1 Bc8 19. Nc3 Ba6 20. Kg2 Bd4 21. Be4
Kg7 1/2-1/2

[Event "Porto Carras Summer Cup"]
[Site "Porto Carras GRE"]
[Date "2010.07.16"]
[Round "7.3"]
[White "Sigalas, F."]
[Black "Galopoulos, P."]
[Result "0-1"]
[WhiteElo "2276"]
[BlackElo "2095"]
[PlyCount "76"]
[EventDate "2010.??.??"]

1. e4 d5 2. exd5 Qxd5 3. Nc3 Qa5 4. d4 Nf6 5. Bc4 Nc6 6. Nge2 Bf5 7. O-O O-O-O
8. Be3 e5 9. d5 Nb4 10. Bg5 c6 11. Bxf6 gxf6 12. Ng3 Be6 13. dxe6 Rxd1 14.
Raxd1 Nxc2 15. exf7 Nd4 16. Nf5 Qb4 17. Ne4 Kc7 18. Ne3 Bh6 19. Nxf6 Qf8 20. a3
Bg7 21. Ne8+ Kb6 22. b4 Bh6 23. Ng4 Bf4 24. Ngf6 Qe7 25. Rfe1 Qd8 26. Ng8 Qh4
27. Rxd4 Bxh2+ 28. Kh1 exd4 29. Re4 Bf4+ 30. Kg1 Qh2+ 31. Kf1 d3 32. Bxd3 Qh1+
33. Ke2 Qh5+ 34. f3 Qxf7 35. Bc4 Qd7 36. Ngf6 Qd2+ 37. Kf1 Rxe8 38. Rxe8 Bg3
0-1

[Event "Porto Carras Summer Cup"]
[Site "Porto Carras GRE"]
[Date "2010.07.16"]
[Round "7.5"]
[White "Papadopoulos, P."]
[Black "Csonka, B."]
[Result "1-0"]
[WhiteElo "1951"]
[BlackElo "2267"]
[PlyCount "85"]
[EventDate "2010.??.??"]

1. d4 Nf6 2. c4 g6 3. Nc3 Bg7 4. e4 d6 5. Nge2 O-O 6. Ng3 e5 7. d5 c6 8. Be2 a6
9. Be3 cxd5 10. cxd5 Nbd7 11. O-O h5 12. Rc1 h4 13. Nh1 Nh7 14. a4 Ndf6 15. b4
Bd7 16. a5 Qe7 17. h3 Rfc8 18. Qd2 Bf8 19. Rfe1 Qe8 20. Bf1 Bg7 21. Kh2 Nh5 22.
Nd1 Rxc1 23. Qxc1 Rc8 24. Qd2 f5 25. exf5 gxf5 26. Bg5 Bf6 27. Bxf6 N5xf6 28.
Ne3 Ne4 29. Qb2 Qg6 30. b5 f4 31. Nd1 axb5 32. Bxb5 Bxb5 33. Qxb5 Nc5 34. Nb2
f3 35. Qf1 Kh8 36. g3 hxg3+ 37. Nxg3 Ng5 38. Qc4 Rc7 39. Qg4 Rh7 40. h4 Qc2 41.
Qc8+ Kg7 42. Nf5+ Kf6 43. Qd8+ 1-0

[Event "Porto Carras Summer Cup"]
[Site "Porto Carras GRE"]
[Date "2010.07.16"]
[Round "7.6"]
[White "Spirliadis, A."]
[Black "Capone, N."]
[Result "1-0"]
[WhiteElo "2015"]
[BlackElo "1877"]
[PlyCount "71"]
[EventDate "2010.??.??"]

1. e4 c5 2. Nf3 d6 3. c3 Nf6 4. Bd3 g6 5. O-O Bg7 6. Bc2 Nc6 7. d4 cxd4 8. Nxd4
O-O 9. Nd2 d5 10. exd5 Nxd4 11. cxd4 Qxd5 12. Nb3 b6 13. Re1 Bb7 14. f3 Qd6 15.
Qe2 Nd5 16. Be4 Rfe8 17. Be3 a5 18. Rad1 a4 19. Nc1 Rad8 20. Bf2 f5 21. Bxd5+
Bxd5 22. Qb5 Qc6 23. Qb4 e5 24. dxe5 Bxe5 25. Qxb6 Qc2 26. Qa5 Bxh2+ 27. Kxh2
Qxf2 28. Rxe8+ Rxe8 29. Qxd5+ Kf8 30. Qd4 Qxd4 31. Rxd4 Rb8 32. Rxa4 Rxb2 33.
Ra7 h5 34. Nd3 Rb6 35. a4 Ke8 36. a5 1-0

[Event "Porto Carras Summer Cup"]
[Site "Porto Carras GRE"]
[Date "2010.07.16"]
[Round "7.7"]
[White "Gamvrilis, I."]
[Black "Liakos, G."]
[Result "1-0"]
[WhiteElo "1996"]
[BlackElo "1658"]
[PlyCount "97"]
[EventDate "2010.??.??"]

1. d4 Nf6 2. c4 e6 3. Nc3 Bb4 4. a3 Bxc3+ 5. bxc3 b6 6. Bg5 h6 7. Bh4 Bb7 8.
Qc2 O-O 9. f3 d5 10. cxd5 exd5 11. e3 Nbd7 12. Bd3 Qe8 13. Qd2 Qe6 14. Ne2 Rfe8
15. Kf2 g5 16. Bg3 c5 17. h4 c4 18. Bc2 g4 19. Nf4 Qe7 20. Bf5 h5 21. Rhe1 Bc6
22. Ne2 Nf8 23. Be5 Ng6 24. Bg3 Bd7 25. Bc2 Nh7 26. Rh1 f5 27. Nf4 Nxf4 28.
Bxf4 Nf8 29. a4 Ng6 30. Bg5 Qf7 31. Raf1 Rf8 32. fxg4 f4 33. exf4 Nxf4 34. Kg3
Qe6 35. Rxf4 Rxf4 36. Qxf4 Rf8 37. Qe3 Qxg4+ 38. Kh2 Re8 39. Qg3 Qe2 40. Bf6+
Bg4 41. Bd1 Qe6 42. Bxg4 hxg4 43. Qe5 Qf7 44. Qg5+ Kh7 45. Qf5+ Kg8 46. Qxg4+
Kh7 47. Qf3 Rf8 48. Rf1 Qc7+ 49. g3 1-0

[Event "Porto Carras Summer Cup"]
[Site "Porto Carras GRE"]
[Date "2010.07.17"]
[Round "8.2"]
[White "Vafiadis, K."]
[Black "Pantovic, D."]
[Result "1-0"]
[WhiteElo "2227"]
[BlackElo "2115"]
[PlyCount "115"]
[EventDate "2010.??.??"]

1. d4 Nf6 2. Nf3 e6 3. Bf4 c5 4. e3 b6 5. Bd3 Bb7 6. Nbd2 Be7 7. c3 cxd4 8.
cxd4 Nd5 9. Bg3 O-O 10. O-O d6 11. e4 Nb4 12. Be2 d5 13. e5 Ba6 14. Bxa6 N4xa6
15. Rc1 Qd7 16. Bh4 Nc6 17. Qa4 Bxh4 18. Qxc6 Qxc6 19. Rxc6 Be7 20. a3 Rfc8 21.
Rfc1 Rxc6 22. Rxc6 Kf8 23. Rc2 Ke8 24. h4 h6 25. h5 Kd7 26. Kf1 Nb8 27. Ke2 Nc6
28. Ke3 Rc8 29. Ne1 f6 30. Ndf3 fxe5 31. Nxe5+ Nxe5 32. dxe5 Bc5+ 33. Ke2 Rf8
34. Nd3 Be7 35. f4 Rb8 36. Ke3 Rg8 37. Kf3 Rf8 38. g3 Rg8 39. g4 Rf8 40. Ke3
Bh4 41. Rc1 Be7 42. b4 a5 43. bxa5 bxa5 44. Nc5+ Bxc5+ 45. Rxc5 Rb8 46. Rxa5
Rb3+ 47. Kd4 Rf3 48. Ra7+ Kc6 49. Ra6+ Kd7 50. f5 Rf4+ 51. Ke3 Re4+ 52. Kf3
exf5 53. e6+ Ke7 54. gxf5 Re5 55. Ra7+ Ke8 56. Rf7 d4 57. Kf4 Rd5 58. Rxg7 1-0

[Event "Porto Carras Summer Cup"]
[Site "Porto Carras GRE"]
[Date "2010.07.17"]
[Round "8.3"]
[White "Karlovich, A."]
[Black "Galopoulos, P."]
[Result "1-0"]
[WhiteElo "2174"]
[BlackElo "2095"]
[PlyCount "91"]
[EventDate "2010.??.??"]

1. e4 d5 2. exd5 Qxd5 3. Nc3 Qa5 4. Bc4 Nf6 5. d3 Bg4 6. f3 Bd7 7. Nge2 Qb6 8.
d4 e6 9. Be3 Be7 10. Qd2 O-O 11. O-O-O Rd8 12. Nf4 Be8 13. Qe2 Qd6 14. d5 e5
15. Nd3 b5 16. Bb3 Na6 17. Bf2 b4 18. Ne4 Nxe4 19. Qxe4 f6 20. Rhe1 Bg6 21. Qe2
Kf8 22. Bc4 b3 23. axb3 Nb4 24. Nc5 Nxc2 25. Ne6+ Kg8 26. Bc5 Qxc5 27. Nxc5
Bxc5 28. d6+ Kf8 29. dxc7 Rdc8 30. Rd7 Be3+ 31. Kd1 Rxc7 32. Rd5 Bf4 33. Qf2
Nb4 34. Rd2 Ke7 35. Re3 Rac8 36. g3 Bxe3 37. Qxe3 a5 38. Qb6 Nc6 39. Qc5+ Ke8
40. Bb5 Bf7 41. Rd6 Bxb3+ 42. Ke1 Kf7 43. Rxc6 Rxc6 44. Bxc6 Be6 45. Qa7+ Kf8
46. Be4 1-0

[Event "Porto Carras Summer Cup"]
[Site "Porto Carras GRE"]
[Date "2010.07.17"]
[Round "8.4"]
[White "Spirliadis, A."]
[Black "Sideris, G."]
[Result "1-0"]
[WhiteElo "2015"]
[BlackElo "1976"]
[PlyCount "83"]
[EventDate "2010.??.??"]

1. e4 d6 2. d4 Nd7 3. f4 e5 4. Nf3 exd4 5. Nxd4 Ngf6 6. Nc3 g6 7. Bc4 Bg7 8.
O-O O-O 9. Nf3 Nc5 10. e5 dxe5 11. Qxd8 Rxd8 12. Ng5 Be6 13. Bxe6 Nxe6 14. fxe5
Ng4 15. Nxe6 fxe6 16. Ne4 Bxe5 17. h3 Bd4+ 18. Kh1 Ne3 19. Bxe3 Bxe3 20. Rae1
Bb6 21. Nf6+ Kf7 22. Nxh7+ Kg8 23. Nf6+ Kf7 24. c4 Ke7 25. Nd5+ Kd7 26. Rf7+
Kd6 27. Nf4 e5 28. Nxg6 Re8 29. Rf6+ Re6 30. Rxe6+ Kxe6 31. Nxe5 Kf5 32. g4+
Kf4 33. c5 Ba5 34. b4 Bxb4 35. Nd3+ Kg3 36. Re3+ Kh4 37. Nxb4 Rd8 38. Nd3 b6
39. Kg2 Kg5 40. Kg3 bxc5 41. Nxc5 Rd2 42. Re6 1-0

[Event "Porto Carras Summer Cup"]
[Site "Porto Carras GRE"]
[Date "2010.07.17"]
[Round "8.5"]
[White "Papadopoulos, P."]
[Black "Gamvrilis, I."]
[Result "1-0"]
[WhiteElo "1951"]
[BlackElo "1996"]
[PlyCount "79"]
[EventDate "2010.??.??"]

1. d4 d5 2. c4 c6 3. cxd5 cxd5 4. Nc3 Nf6 5. Bf4 Bf5 6. e3 e6 7. f3 h6 8. g4
Bh7 9. h4 Nc6 10. Rc1 Rc8 11. Nge2 Qb6 12. Qd2 Be7 13. Ng3 Bg6 14. Bb5 a6 15.
Be2 Bb4 16. a3 Be7 17. Na4 Qd8 18. Kf2 Nd7 19. h5 Bh7 20. b4 O-O 21. Rhd1 Na7
22. Rxc8 Qxc8 23. Rc1 Nc6 24. Qc3 Qa8 25. Nc5 Nxc5 26. bxc5 Bg5 27. Bxg5 hxg5
28. h6 Bg6 29. hxg7 Kxg7 30. Bd3 Rh8 31. Bxg6 Kxg6 32. Qd3+ Kg7 33. Nh5+ Kf8
34. e4 Ne7 35. Qe3 Rg8 36. Rh1 Qd8 37. e5 Rg6 38. Qb3 Qc7 39. Nf6 Qa5 40. Rh8+
1-0

[Event "Porto Carras Summer Cup"]
[Site "Porto Carras GRE"]
[Date "2010.07.17"]
[Round "8.6"]
[White "Sigalas, F."]
[Black "Soultatis, K."]
[Result "1-0"]
[WhiteElo "2276"]
[BlackElo "2105"]
[PlyCount "91"]
[EventDate "2010.??.??"]

1. e4 c5 2. Nf3 Nc6 3. d4 cxd4 4. Nxd4 Nf6 5. Nc3 e5 6. Ndb5 d6 7. Bg5 a6 8.
Na3 b5 9. Bxf6 gxf6 10. Nd5 f5 11. Bd3 Be6 12. O-O Bg7 13. Qh5 O-O 14. exf5
Bxd5 15. f6 h6 16. Qf5 e4 17. fxg7 Re8 18. Qxd5 Re5 19. Qxc6 exd3 20. cxd3 Rc8
21. Qxa6 Rg5 22. g3 Ra8 23. Qc6 Rc8 24. Qa6 Rgc5 25. Nxb5 Qd7 26. Nd4 h5 27. h4
Rd5 28. Rac1 Rxc1 29. Rxc1 Rxd4 30. Qc8+ Qxc8 31. Rxc8+ Kxg7 32. Rc3 Kf6 33. a3
Ke5 34. b4 Rd5 35. Rb3 Ke6 36. a4 Rd4 37. a5 Kd7 38. b5 Ra4 39. a6 Kc8 40. Rc3+
Kb8 41. Rc6 Ra5 42. Rxd6 Rxb5 43. Rf6 Ka7 44. Kg2 Rd5 45. Kf3 Rxd3+ 46. Ke4 1-0

[Event "Porto Carras Summer Cup"]
[Site "Porto Carras GRE"]
[Date "2010.07.17"]
[Round "8.7"]
[White "Spiropoulos, P."]
[Black "Markantonis, V."]
[Result "1-0"]
[WhiteElo "2144"]
[BlackElo "1976"]
[PlyCount "57"]
[EventDate "2010.??.??"]

1. e4 d5 2. exd5 Nf6 3. d4 Bg4 4. f3 Bf5 5. Bb5+ Nbd7 6. Nc3 a6 7. Ba4 b5 8.
Bb3 Nb6 9. Nge2 Nbxd5 10. Nxd5 Nxd5 11. Ng3 Bg6 12. f4 e6 13. f5 exf5 14. O-O
Be7 15. Nxf5 Bf6 16. Qf3 c6 17. Re1+ Kf8 18. c3 Qd7 19. Bc2 h6 20. Bd2 Kg8 21.
Bd3 Kh7 22. h4 h5 23. Bg5 Bxg5 24. hxg5 Rhe8 25. Rf1 Kg8 26. Rad1 Re6 27. c4
bxc4 28. Bxc4 Rae8 29. Rd2 {mobile phone forfeit} 1-0

[Event "Porto Carras Summer Cup"]
[Site "Porto Carras GRE"]
[Date "2010.07.17"]
[Round "8.8"]
[White "Kanakaris, G."]
[Black "Ioannidis, E."]
[Result "1-0"]
[WhiteElo "2294"]
[BlackElo "1817"]
[PlyCount "117"]
[EventDate "2010.??.??"]

1. d4 Nf6 2. Nf3 e6 3. c4 Bb4+ 4. Nbd2 b6 5. g3 Bb7 6. Bg2 O-O 7. O-O a5 8. Qc2
Bxd2 9. Bxd2 Be4 10. Qc3 d6 11. Rfd1 Nbd7 12. Rac1 Qb8 13. Bh3 h6 14. Ne1 Ra7
15. f3 Ba8 16. e4 e5 17. Nd3 Re8 18. d5 Nc5 19. b3 Bb7 20. Be3 Bc8 21. Bf1 Nxd3
22. Qxd3 Bd7 23. Rc2 Qb7 24. g4 Nh7 25. h4 Nf8 26. a3 Rea8 27. Rg2 Qc8 28. Qd2
Qd8 29. Rh2 Qe7 30. Bd3 Kh7 31. Kh1 Re8 32. Qg2 Kg8 33. Bb1 Rea8 34. Rg1 Re8
35. Qc2 Raa8 36. Qc3 Ra7 37. f4 exf4 38. Bd4 f6 39. g5 hxg5 40. hxg5 fxg5 41.
Qf3 g4 42. Qxf4 Ng6 43. Qg3 Rf8 44. e5 Rf3 45. Qxf3 gxf3 46. exd6 cxd6 47. Rxg6
Be8 48. Re6 Qg5 49. Rh8+ Kf7 50. Bg6+ Qxg6 51. Rxg6 Kxg6 52. Rxe8 Rf7 53. Kg1
Kg5 54. Kf2 g6 55. Be3+ Kg4 56. Re4+ Kh5 57. Rf4 Rxf4 58. Bxf4 g5 59. Bxd6 1-0

[Event "Porto Carras Summer Cup"]
[Site "Porto Carras GRE"]
[Date "2010.07.18"]
[Round "9.1"]
[White "Nedev, T."]
[Black "Spirliadis, A."]
[Result "1/2-1/2"]
[WhiteElo "2506"]
[BlackElo "2015"]
[PlyCount "32"]
[EventDate "2010.??.??"]

1. e4 e6 2. d4 d5 3. Nd2 Nf6 4. e5 Nfd7 5. c3 c5 6. Ngf3 Nc6 7. Bd3 Be7 8. O-O
g5 9. dxc5 g4 10. Nd4 Ndxe5 11. Bb5 h5 12. N2b3 Bd7 13. Re1 Ng6 14. c4 dxc4 15.
Bxc4 Nce5 16. Bf1 a6 1/2-1/2

[Event "Porto Carras Summer Cup"]
[Site "Porto Carras GRE"]
[Date "2010.07.18"]
[Round "9.2"]
[White "Papadopoulos, P."]
[Black "Vafiadis, K."]
[Result "1/2-1/2"]
[WhiteElo "1951"]
[BlackElo "2227"]
[PlyCount "33"]
[EventDate "2010.??.??"]

1. Nf3 Nf6 2. d4 d6 3. c4 Nbd7 4. Bf4 g6 5. h3 Bg7 6. Nc3 O-O 7. e3 b6 8. Be2
Bb7 9. O-O Re8 10. Bh2 Ne4 11. Nxe4 Bxe4 12. Rc1 e5 13. b4 c5 14. bxc5 bxc5 15.
dxe5 Nxe5 16. Nxe5 dxe5 17. Qa4 1/2-1/2

[Event "Porto Carras Summer Cup"]
[Site "Porto Carras GRE"]
[Date "2010.07.18"]
[Round "9.5"]
[White "Galopoulos, P."]
[Black "Kanakaris, G."]
[Result "0-1"]
[WhiteElo "2095"]
[BlackElo "2294"]
[PlyCount "146"]
[EventDate "2010.??.??"]

1. e4 e6 2. d4 Nf6 3. e5 Nd5 4. c4 Nb6 5. c5 Nd5 6. Bc4 d6 7. cxd6 cxd6 8. Nf3
Nb6 9. Bd3 Nc6 10. O-O Be7 11. Nc3 Nb4 12. Be4 d5 13. Bb1 Bd7 14. a3 Nc6 15.
Qd2 Nc4 16. Qf4 Qb6 17. Qg4 h5 18. Qf4 O-O-O 19. Ba2 g5 20. Qxf7 Rdf8 21. Qg7
Rhg8 22. Qh7 g4 23. Na4 Qa5 24. Ne1 Rh8 25. Qd3 Qxa4 26. b3 N4xe5 27. dxe5 Qd4
28. Qxd4 Nxd4 29. Bb2 Ne2+ 30. Kh1 Kb8 31. a4 Bc5 32. Nd3 Bd4 33. Bxd4 Nxd4 34.
Nc5 Bc8 35. b4 Nc2 36. Rab1 Rf4 37. Nd3 Re4 38. Rb2 Nd4 39. Re1 Rxe1+ 40. Nxe1
Rh7 41. b5 Rc7 42. Kg1 Rc3 43. Rd2 Nf5 44. Rd3 Rc1 45. Kf1 Nh4 46. Ke2 Ng6 47.
Re3 Ra1 48. Bb3 Nf4+ 49. Kd2 b6 50. f3 Bb7 51. fxg4 d4 52. Rf3 Bxf3 53. gxf3 h4
54. g5 Kc7 55. Nc2 Rh1 56. Nxd4 Rxh2+ 57. Ke3 Rg2 58. Nxe6+ Nxe6 59. Bxe6 Rxg5
60. Kf4 Rg3 61. Bg4 Kd8 62. Be6 Ke7 63. Bg4 Rg1 64. Bf5 Ra1 65. Kg5 Rh1 66. Kf4
h3 67. Kg3 h2 68. Be4 Ke6 69. Bc6 Ra1 70. Kxh2 Kxe5 71. Kg3 Rxa4 72. Bb7 Rc4
73. Ba8 Rc5 0-1

[Event "Porto Carras Summer Cup"]
[Site "Porto Carras GRE"]
[Date "2010.07.18"]
[Round "9.6"]
[White "Sideris, G."]
[Black "Csonka, B."]
[Result "0-1"]
[WhiteElo "1976"]
[BlackElo "2267"]
[PlyCount "124"]
[EventDate "2010.??.??"]

1. e4 e6 2. d4 d5 3. Nc3 Nf6 4. e5 Nfd7 5. Nf3 c5 6. dxc5 Nc6 7. Bf4 Bxc5 8.
Bd3 f6 9. exf6 Qxf6 10. Bg3 O-O 11. Qe2 Nd4 12. Nxd4 Bxd4 13. O-O-O Nc5 14. Qd2
Nxd3+ 15. Qxd3 Bxc3 16. Qxc3 Qxc3 17. bxc3 Bd7 18. c4 Bc6 19. c5 Rac8 20. Rd2
Bd7 21. Re1 Rfe8 22. Be5 Rxc5 23. f4 Rec8 24. Re3 Be8 25. c3 Bg6 26. Bd4 R5c6
27. Rg3 a6 28. Be5 Kf7 29. h4 Rg8 30. Kd1 Be4 31. Rb2 b5 32. a4 Rb6 33. a5 Rc6
34. Rb4 h5 35. Ke1 g6 36. Kf2 Rgc8 37. Re3 Rc4 38. Rxc4 Rxc4 39. Bd6 Ra4 40.
Bc7 Kf6 41. Be5+ Ke7 42. Bc7 Kd7 43. Bb6 Kc6 44. g3 b4 45. cxb4 Rxb4 46. Rc3+
Kb5 47. Ke3 Bf5 48. Rc5+ Ka4 49. Rc6 Rb3+ 50. Kf2 Be4 51. Rxe6 Rf3+ 52. Ke2
Rxg3 53. Bd8 Bd3+ 54. Kd2 Bc4 55. Bg5 d4 56. Rxg6 Rg2+ 57. Kd1 Bb3+ 58. Ke1 d3
59. Rd6 Re2+ 60. Kf1 Bc4 61. Rd4 Kb3 62. f5 d2 0-1

[Event "Porto Carras Summer Cup"]
[Site "Porto Carras GRE"]
[Date "2010.07.18"]
[Round "9.7"]
[White "Giordos, V."]
[Black "Avagianos, S."]
[Result "0-1"]
[WhiteElo "1966"]
[BlackElo "2034"]
[PlyCount "118"]
[EventDate "2010.??.??"]

1. e4 c5 2. Nf3 d6 3. d4 cxd4 4. Nxd4 Nf6 5. Nc3 a6 6. Be3 e5 7. Nb3 Be7 8. Be2
O-O 9. O-O Be6 10. Kh1 Nbd7 11. f4 exf4 12. Bxf4 Ne5 13. Nd4 Rc8 14. Nxe6 fxe6
15. Bxe5 dxe5 16. Qxd8 Rfxd8 17. Bd3 Bc5 18. Rf3 Bd4 19. Ne2 Ng4 20. Nxd4 exd4
21. Rd1 Ne5 22. Rf2 Rf8 23. Re2 Rc7 24. Kg1 Rfc8 25. Rdd2 Kf7 26. h3 Ke7 27.
Kf2 h5 28. g3 g5 29. Kg2 h4 30. Rf2 Nxd3 31. cxd3 Kd6 32. Kf3 Ke5 33. Kg4 Rc1
34. Rg2 hxg3 35. Kxg3 Re1 36. Rde2 Rxe2 37. Rxe2 Rc1 38. Rd2 Re1 39. Kg4 Re3
40. Kxg5 Rxh3 41. Kg4 Re3 42. a3 b5 43. b4 Re1 44. Rc2 Ra1 45. Rc5+ Kd6 46. e5+
Kd7 47. Kf4 Rxa3 48. Ke4 Rb3 49. Kxd4 Rxb4+ 50. Kc3 Ra4 51. Kb3 Rh4 52. Kc3 Rh8
53. Kb4 Rc8 54. Rxc8 Kxc8 55. Kc5 Kd7 56. d4 Kc7 57. d5 exd5 58. Kxd5 b4 59.
Ke6 b3 0-1

[Event "Porto Carras Summer Cup"]
[Site "Porto Carras GRE"]
[Date "2010.07.18"]
[Round "9.8"]
[White "Sverkounos, S."]
[Black "Paouris, N."]
[Result "1-0"]
[WhiteElo "2018"]
[BlackElo "1988"]
[PlyCount "79"]
[EventDate "2010.??.??"]

1. c4 e5 2. Nc3 Nc6 3. g3 g6 4. e4 Bg7 5. Bg2 d6 6. Nge2 Nge7 7. O-O O-O 8. d3
Be6 9. Nd5 Qd7 10. Be3 f5 11. Qd2 Rf7 12. b4 f4 13. gxf4 exf4 14. Nexf4 Bxa1
15. Nxe6 Nxd5 16. cxd5 Bf6 17. Bh3 Ne5 18. f4 Nxd3 19. Qxd3 Qa4 20. Rc1 Bb2 21.
Rxc7 Rxc7 22. Nxc7 Rf8 23. Bd4 Qxb4 24. Be6+ Rf7 25. Bxb2 Qxb2 26. Bxf7+ Kxf7
27. Ne6 Qa1+ 28. Kg2 Qxa2+ 29. Kg3 Qa5 30. Qd4 Qe1+ 31. Qf2 Qc3+ 32. Qf3 Qe1+
33. Kh3 a5 34. f5 g5 35. Qh5+ Kf6 36. Qxg5+ Ke5 37. Qf4+ Kf6 38. Qh4+ Qxh4+ 39.
Kxh4 Ke5 40. Nc7 1-0